000 01009nam a2200313 i 4500
001 000020304
003 DO-SdBNP
005 20251210083336.0
007 ta
008 100802s2015 dr r 000 p spa d
020 _a9789945588613
040 _aDO-SdBNP
_bspa
_cBNPHU
_erda
041 _aspa
082 4 _aRD861.44
_bM358n
_222
100 1 _aMarrero de Munné, Melba,
_d1911-1962
_eautor
_942945
_4aut.
245 1 0 _aNovia del Alba /
_cMelba Marrero Munné.
260 _aSanto Domingo :
264 _aSanto Domingo, República Dominicana :
_bRumbo Norte,
_c2015.
300 _a172 páginas ;
_c23 cm.
336 _atexto
_btxt
_2rdacontent
337 _asin mediación
_bn
_2rdacontent
338 _avolumen
_bnc
_2rdacarrier
500 _aIncluye datos biográficos de la autora en la solapa de la cubierta
590 _aInventariado, 2019/BT
650 0 _aPoesía dominicana
_966
650 0 _aLiteratura dominicana.
_967
910 _aValidado. Control de calidad. MFF
942 _2ddc
_cLBS1
999 _c19808
_d19808